[Event "Chigorin Memorial 31st"]
[Site "St Petersburg"]
[Date "2024.10.30"]
[Round "5"]
[White "Batyrev, Kirill"]
[Black "Razygraev, Alexander"]
[Result "1-0"]
[WhiteElo "1799"]
[BlackElo "1621"]
[PlyCount "113"]
[EventDate "2024.10.26"]
[EventType "swiss"]
[EventRounds "9"]
[EventCountry "RUS"]
[SourceTitle "CB45_2024"]
[Source "ChessBase"]
[SourceDate "2024.11.06"]
[SourceVersion "1"]
[SourceVersionDate "2024.11.06"]
[SourceQuality "1"]

1. e4 e5 2. Nf3 Nc6 3. Bc4 Bc5 4. c3 Nf6 5. d4 exd4 6. e5 d5 7. Be2 Ne4 8. cxd4 Bb6 9. Nc3 0-0 10. 0-0 Bg4 11. Be3 Ne7 12. Qc2 f5 13. Rad1 c6 14. Ng5 Bxe2 15. Qxe2 Nxg5 16. Bxg5 h6 17. Bxe7 Qxe7 18. f4 a5 19. Rd3 a4 20. a3 Kh7 21. Qc2 Ba7 22. Nxa4 b5 23. Nc3 b4 24. Na4 Qb7 25. Nc5 Bxc5 26. Qxc5 bxa3 27. bxa3 Rfb8 28. Rc1 Qb2 29. Qc2 Ra6 30. Rc3 Qxc2 31. R1xc2 Rbb6 32. Kf2 Kg6 33. Ke3 Kf7 34. Kd2 Ke6 35. Kc1 Ke7 36. Rb2 Kf7 37. Kc2 g5 38. g3 Kg6 39. Rxb6 Rxb6 40. a4 g4 41. Rb3 Ra6 42. Rb4 h5 43. Kb3 h4 44. Rb8 hxg3 45. hxg3 Kf7 46. Kb4 Ke7 47. a5 Ra7 48. Rb6 Kd7 49. a6 Ra8 50. Rb7+ Ke6 51. Ka5 Rh8 52. a7 Rh1 53. Rb4 Rh8 54. Rb8 Rh1 55. a8Q Ra1+ 56. Kb6 Rb1+ 57. Kc7 1-0

[Event "Chigorin Memorial 31st"]
[Site "St Petersburg"]
[Date "2024.10.27"]
[Round "2"]
[White "Goganov, Aleksey"]
[Black "Razygraev, Alexander"]
[Result "1-0"]
[WhiteElo "2463"]
[BlackElo "1621"]
[PlyCount "59"]
[EventDate "2024.10.26"]
[EventType "swiss"]
[EventRounds "9"]
[EventCountry "RUS"]
[SourceTitle "CB45_2024"]
[Source "ChessBase"]
[SourceDate "2024.11.06"]
[SourceVersion "1"]
[SourceVersionDate "2024.11.06"]
[SourceQuality "1"]

1. e4 e5 2. Nf3 Nc6 3. Bb5 a6 4. Ba4 Nf6 5. 0-0 Be7 6. d3 b5 7. Bb3 0-0 8. Nc3 d6 9. a3 Bb7 10. Re1 h6 11. Ne2 Nh5 12. Ng3 Nxg3 13. hxg3 Re8 14. c3 Nb8 15. g4 Bc8 16. g5 hxg5 17. Nxg5 Bxg5 18. Qh5 Be6 19. Bxg5 Qc8 20. Re3 Nd7 21. Rh3 f6 22. Bxe6+ Rxe6 23. Bd2 Qe8 24. Qh7+ Kf8 25. Rg3 g5 26. Bxg5 fxg5 27. Rxg5 Qf7 28. Qh8+ Ke7 29. Qxa8 Rh6 30. Qg8 1-0

[Event "Chigorin Memorial 31st"]
[Site "St Petersburg"]
[Date "2024.10.26"]
[Round "1"]
[White "Razygraev, Alexander"]
[Black "Shevchenko, Alexander S"]
[Result "1-0"]
[WhiteElo "1621"]
[BlackElo "1943"]
[PlyCount "71"]
[EventDate "2024.10.26"]
[EventType "swiss"]
[EventRounds "9"]
[EventCountry "RUS"]
[SourceTitle "CB45_2024"]
[Source "ChessBase"]
[SourceDate "2024.11.06"]
[SourceVersion "1"]
[SourceVersionDate "2024.11.06"]
[SourceQuality "1"]

1. e4 c5 2. Nf3 e6 3. d4 cxd4 4. Nxd4 Nf6 5. Nc3 d6 6. Be3 Be7 7. Be2 a6 8. 0-0 Qc7 9. a4 Nc6 10. Nb3 b6 11. f4 0-0 12. Bf3 Rb8 13. Qe2 Na5 14. Nd2 Rd8 15. Bf2 Nc6 16. Rfd1 e5 17. Nd5 Nxd5 18. exd5 Na7 19. fxe5 dxe5 20. Nc4 Bf5 21. Qxe5 Qxc4 22. Qxe7 Qc8 23. Bd4 Rb7 24. Qg5 Bg6 25. Re1 h6 26. Qe5 f6 27. Qg3 Qxc2 28. d6 Rbd7 29. Bxb6 Rb8 30. Rac1 Rxb6 31. Rxc2 Bxc2 32. Re7 Rxe7 33. dxe7 Bxa4 34. Bd5+ Kh7 35. Qf2 Rd6 36. Be4+ 1-0

[Event "St Petersburg Korchnoi Memorial op"]
[Site "St Petersburg"]
[Date "2024.08.20"]
[Round "7"]
[White "Razygraev, Alexander"]
[Black "Morozevich, Kirill Aleks"]
[Result "1-0"]
[WhiteElo "1646"]
[BlackElo "1412"]
[PlyCount "95"]
[EventDate "2024.08.17"]
[EventType "swiss"]
[EventRounds "9"]
[EventCountry "RUS"]
[SourceTitle "EXT 2025"]
[Source "ChessBase"]
[SourceDate "2024.10.14"]
[SourceVersion "1"]
[SourceVersionDate "2024.10.14"]
[SourceQuality "1"]

1. e4 e5 2. Nf3 Nf6 3. Nxe5 d6 4. Nf3 Nxe4 5. Nc3 Nxc3 6. dxc3 Be7 7. Be3 Nd7 8. Bc4 0-0 9. Qd2 Ne5 10. Be2 Bf6 11. 0-0-0 Be6 12. Nd4 Bxa2 13. b3 a5 14. Kb2 a4 15. Kxa2 axb3+ 16. Kxb3 c5 17. Nb5 c4+ 18. Bxc4 Nxc4 19. Kxc4 Qa5 20. Rb1 Rfe8 21. Kd3 Re5 22. c4 Qa4 23. Qb4 Qa2 24. Nc3 Qa3 25. Qxa3 Rxa3 26. Bd4 Rg5 27. Rxb7 h5 28. Bxf6 gxf6 29. g3 Rf5 30. f4 Rc5 31. Kd4 h4 32. Ne4 Ra6 33. Nxd6 hxg3 34. Rg1 g2 35. Rxg2+ Kh7 36. Rxf7+ Kh8 37. Re2 Rca5 38. c5 Ra8 39. Re8+ Rxe8 40. Nxe8 Ra8 41. Nxf6 Rd8+ 42. Rd7 Rxd7+ 43. Nxd7 Kg7 44. c6 Kg6 45. c7 Kf5 46. c8Q Kg4 47. Ne5+ Kxf4 48. Qg4# 1-0

[Event "St Petersburg Korchnoi Memorial op"]
[Site "St Petersburg"]
[Date "2024.08.18"]
[Round "3"]
[White "Razygraev, Alexander"]
[Black "Radzko, Tatsiana"]
[Result "1/2-1/2"]
[WhiteElo "1646"]
[BlackElo "1521"]
[PlyCount "76"]
[EventDate "2024.08.17"]
[EventType "swiss"]
[EventRounds "9"]
[EventCountry "RUS"]
[SourceTitle "CBM 221 Extra"]
[Source "ChessBase"]
[SourceDate "2024.09.30"]
[SourceVersion "1"]
[SourceVersionDate "2024.09.30"]
[SourceQuality "1"]

1. e4 c5 2. Nf3 g6 3. d4 cxd4 4. Nxd4 Bg7 5. Nc3 Nc6 6. Be3 Nf6 7. f3 0-0 8. Qd2 d5 9. 0-0-0 dxe4 10. fxe4 Bd7 11. Be2 Nxd4 12. Bxd4 Bc6 13. Qe3 Qa5 14. g4 Nd7 15. Bxg7 Kxg7 16. h4 Qc5 17. Qf4 Qe5 18. Qf3 Nc5 19. Bd3 Ne6 20. Rdf1 b5 21. Ne2 Nc5 22. Ng3 Na4 23. c3 b4 24. h5 bxc3 25. hxg6 fxg6 26. Nf5+ Rxf5 27. gxf5 cxb2+ 28. Kd2 Qa5+ 29. Ke2 Nc3+ 30. Kf2 g5 31. Rxh7+ Kxh7 32. Qh5+ Kg7 33. Qxg5+ Kf8 34. Qh6+ Kf7 35. Qe6+ Kf8 36. Qh6+ Kf7 37. Qg6+ Kf8 38. Qh6+ Kf7 1/2-1/2

[Event "St Petersburg Korchnoi Memorial op"]
[Site "St Petersburg"]
[Date "2024.08.18"]
[Round "4"]
[White "Shindarev, Egor"]
[Black "Razygraev, Alexander"]
[Result "1/2-1/2"]
[WhiteElo "1528"]
[BlackElo "1646"]
[PlyCount "99"]
[EventDate "2024.08.17"]
[EventType "swiss"]
[EventRounds "9"]
[EventCountry "RUS"]
[SourceTitle "CBM 221 Extra"]
[Source "ChessBase"]
[SourceDate "2024.09.30"]
[SourceVersion "1"]
[SourceVersionDate "2024.09.30"]
[SourceQuality "1"]

1. e4 e5 2. Nf3 Nc6 3. Bc4 Nf6 4. d3 Bc5 5. 0-0 0-0 6. c3 d6 7. h3 h6 8. Re1 a6 9. Bb3 Ba7 10. Be3 Ne7 11. Bxa7 Rxa7 12. d4 Ng6 13. dxe5 dxe5 14. Qxd8 Rxd8 15. Nbd2 b5 16. c4 Nh5 17. cxb5 axb5 18. a3 Nhf4 19. Re3 c5 20. h4 Ne6 21. g3 Ne7 22. Ree1 Rc7 23. Red1 f6 24. Nf1 c4 25. Rxd8+ Nxd8 26. Rd1 Ne6 27. Bc2 Nc5 28. Ne3 Bb7 29. Nd2 Rd7 30. f3 Nc6 31. Nb1 Rxd1+ 32. Bxd1 Nd4 33. Nd2 Nd3 34. b3 c3 35. Nb1 c2 36. Nxc2 Nxb3 37. Nc3 Nb2 38. Be2 Nd4 39. Nxd4 exd4 40. Nd1 Nxd1 41. Bxd1 Kf7 42. Kf2 Ke7 43. Ke1 Kd6 44. Kd2 Kc5 45. Be2 b4 46. axb4+ Kxb4 47. Bd3 g5 48. hxg5 hxg5 49. f4 gxf4 50. gxf4 1/2-1/2